00783nam a22002057a 450000500170000001000150001702000260003203500130005803700130007108200100008410000240009424501290011826000370024727000710028430000220035550000240037794200240040199900170042595201350044220100813160935.0 aENG-100250 a9789380060149c175.00 aEN-83782 bDBAD/PUB a006.6 aMahamuni, K.912920 aComputer graphics :bfor under graduate and post graduate computer science students of Indian universities /cby K. Mahamuni aSalembM.S.K. Publicationsc2009 a3/189-E, Athanoor Amman Kovil St., MasinayaganpattibSaleme636103 a123p.c21cm (pbk) aIncludes references 2ddccENh006.6mMAH c41733d41733 001040718NFICaDBADbDBADd2010-08-13eDBAD/PUBg175.00l0o006.6 MAHpEN-83782r2010-08-13 00:00:00t1v175.00w2010-08-13yEN